Constituições de Diversos Países (Registo nº 199414)

Detalhes MARC
000 -Etiqueta do registo
Valores 00719nam 22002293 4500
021 ## - Número do Depósito Legal
Código do país Portugal
Número 10 898/86
100 ## - Dados gerais de processamento
Dados gerais 20251205d u||y0pory50 ba
101 ## - Língua de publicação
Língua Português
102 ## - País de publicação
País Portugal
200 ## - Titulo e menção de responsabilidade
Título próprio Constituições de Diversos Países
Primeira menção de responsabilidade Jorge Miranda (Organização, Tradução e Nota Prévia)
205 ## - Menção da edição
Edição
210 ## - Publicação
Local de publicação Lisboa
Nome do editor Imprensa Nacional-Casa da Moeda
Data de publicação 1986
215 ## - Descrição física 
Paginação / Volumes 456, [6] p.
Outras indicações físicas Brochado
Dimensões 21 cm
300 ## - Notas gerais 
Texto da nota Direito Constitucional
606 ## - Nome comum usado como assunto
ID Autoridade 12209
Palavra de ordem Ciências Sociais.
Subdivisão assunto Direito Administrativo
675 ## - CDU
Notação 342.4/MIR/CON
Edição PT
Língua por
702 ## - Autor secundário (pessoa individual)
ID Autoridade 12237
Apelido Miranda
Nome Jorge
801 ## - Fonte de origem
País PT
Agência BMMN
Regras de catalogação RPC
830 ## - Notas gerais do catalogador
Criado por Carlos Pinto
Data de criação 05-12-2025
Indexado por Carlos Pinto
990 ## - Elementos KOHA
Tipo de documento Livro
Exemplares
Situação do levantamento Biblioteca de origem Código de barras Cota Permissão de empréstimo Tipo de documento Nota relativa ao exemplar Forma de aquisição
  Escola Secundária de Montemor-o-Novo 28261 342.4/MIR/CON   Livro Vol. I Compra
  Escola Secundária de Montemor-o-Novo 28262 342.4/MIR/CON   Livro Vol. II 1987 ; DL n.º 14 173/86 Compra

Powered by Koha